[Event "London Classic op"]
[Site "London"]
[Date "2017.12.08"]
[Round "8"]
[White "Ensmenger, Hugo"]
[Black "Coleman, David"]
[Result "1-0"]
[WhiteElo "1829"]
[BlackElo "2076"]
[PlyCount "95"]
[EventDate "2017.12.02"]
[EventType "swiss"]
[EventRounds "9"]
[EventCountry "ENG"]
[SourceTitle "CBM 182 Extra"]
[Source "ChessBase"]
[SourceDate "2018.02.23"]
[SourceVersion "1"]
[SourceVersionDate "2018.02.23"]
[SourceQuality "1"]

1. d4 Nf6 2. Bf4 g6 3. Nc3 d5 4. e3 Bg7 5. h4 h6 6. Bd3 a6 7. Nce2 Nc6 8. c3 e5 9. dxe5 Ng4 10. Nf3 Ncxe5 11. Nxe5 Nxe5 12. Bxe5 Bxe5 13. Qd2 c6 14. 0-0-0 Qa5 15. Kb1 Bd7 16. Bc2 0-0-0 17. Nd4 Qb6 18. Nf3 Bg7 19. Ne1 c5 20. Rc1 Be6 21. Nf3 Kb8 22. Rhd1 Ka8 23. Qe1 Rhe8 24. Bb3 Bf5+ 25. Ka1 d4 26. cxd4 cxd4 27. Nd2 dxe3 28. Nc4 Qf6 29. Rxd8+ Qxd8 30. Nxe3 Qxh4 31. Rc4 Qf6 32. Qc1 Be6 33. Rc2 Bxb3 34. axb3 Qe6 35. Qd1 Ka7 36. Ka2 Rc8 37. Rd2 Qc6 38. Nc4 Rc7 39. f3 Qc5 40. Rd5 Qf2 41. Rd2 Qc5 42. Rd5 Qb4 43. Qe2 h5 44. Qe3+ b6 45. Qd3 Qe7 46. Rd6 Rb7 47. Nxb6 Qxd6 48. Nc8+ 1-0

[Event "London Classic op"]
[Site "London"]
[Date "2017.12.04"]
[Round "4"]
[White "Ensmenger, Hugo"]
[Black "Rushbrooke, Tibo"]
[Result "1-0"]
[WhiteElo "1829"]
[BlackElo "1570"]
[PlyCount "75"]
[EventDate "2017.12.02"]
[EventType "swiss"]
[EventRounds "9"]
[EventCountry "ENG"]
[SourceTitle "CBM 182 Extra"]
[Source "ChessBase"]
[SourceDate "2018.02.23"]
[SourceVersion "1"]
[SourceVersionDate "2018.02.23"]
[SourceQuality "1"]

1. d4 f5 2. g3 Nf6 3. Bg2 e6 4. c4 Be7 5. Nh3 0-0 6. 0-0 d6 7. b3 Qe8 8. Bb2 Nc6 9. Nc3 e5 10. e3 Kh8 11. Nd5 Bd8 12. Kh1 Nb8 13. dxe5 dxe5 14. Ba3 Rf7 15. Qe2 Nxd5 16. cxd5 Be7 17. Bb2 Bd6 18. Ng5 Rf6 19. Bf3 Rh6 20. Bg2 Qg6 21. f4 Nd7 22. Kg1 Nf6 23. Bxe5 Bxe5 24. fxe5 Ng4 25. Nf3 Qh5 26. h3 Nxe5 27. g4 Qe8 28. Nxe5 Qxe5 29. Qd3 Bd7 30. Rad1 fxg4 31. Rf4 gxh3 32. Rdf1 Qd6 33. Be4 Re8 34. Qd4 Rf6 35. Rxf6 gxf6 36. Rxf6 Qg3+ 37. Kh1 Qe1+ 38. Rf1+ 1-0

[Event "Zuerich op-B 39th"]
[Site "Zuerich"]
[Date "2015.12.30"]
[Round "7"]
[White "Ensmenger, Hugo"]
[Black "Zuest, Leonard"]
[Result "0-1"]
[WhiteElo "1854"]
[BlackElo "1989"]
[PlyCount "44"]
[EventDate "2015.12.26"]
[EventType "swiss"]
[EventRounds "7"]
[EventCountry "SUI"]
[SourceTitle "CBM 170 Extra"]
[Source "ChessBase"]
[SourceDate "2016.02.25"]
[SourceVersion "1"]
[SourceVersionDate "2016.02.25"]
[SourceQuality "1"]

1. e4 e5 2. Nf3 Nc6 3. d4 exd4 4. Nxd4 Bc5 5. Be3 Qf6 6. c3 Nge7 7. f4 0-0 8. e5 Qh6 9. Qf3 Bxd4 10. cxd4 Nf5 11. Qe4 Ng3 12. hxg3 Qxh1 13. Nc3 d6 14. Nd5 Bd7 15. 0-0-0 Qh5 16. Bd2 Bf5 17. Qe3 Rad8 18. Be2 Bg4 19. Bxg4 Qxg4 20. Qe4 dxe5 21. dxe5 Qe6 22. Rh1 f5 0-1

[Event "Zuerich op-B 39th"]
[Site "Zuerich"]
[Date "2015.12.29"]
[Round "5"]
[White "Ensmenger, Hugo"]
[Black "Leuenberger, Urs"]
[Result "0-1"]
[WhiteElo "1854"]
[BlackElo "1897"]
[PlyCount "68"]
[EventDate "2015.12.26"]
[EventType "swiss"]
[EventRounds "7"]
[EventCountry "SUI"]
[SourceTitle "CBM 170 Extra"]
[Source "ChessBase"]
[SourceDate "2016.02.25"]
[SourceVersion "1"]
[SourceVersionDate "2016.02.25"]
[SourceQuality "1"]

1. e4 c5 2. Nf3 Nc6 3. Bb5 Nd4 4. Nxd4 cxd4 5. 0-0 a6 6. Ba4 b5 7. Bb3 Bb7 8. d3 e6 9. c3 Bc5 10. Qe2 Ne7 11. cxd4 Bxd4 12. Nd2 0-0 13. Nf3 Nc6 14. Nxd4 Nxd4 15. Qg4 Nxb3 16. axb3 Rc8 17. Bd2 f5 18. exf5 Rxf5 19. Rac1 Bc6 20. b4 Rf6 21. Bg5 Rg6 22. Bxd8 Rxg4 23. f3 Rxb4 24. Bb6 Rxb2 25. Ra1 Bb7 26. Rf2 Rcc2 27. Rxc2 Rxc2 28. d4 Kf7 29. Ra3 Ke7 30. h4 Kd6 31. g4 g6 32. Kf1 Kd5 33. Re3 Kc6 34. f4 Kxb6 0-1